Pokemony gen 9: Hisui - Statystyki

Ogólne statystyki
  • Ten quiz został rozwiązany 37 razy
  • Średni wynik to 4 z 7
Statystyki odpowiedzi
Hint Odpowiedź % Poprawnych
#901 ursaluna
81%
#900 kleavor
65%
#903 sneasler
58%
#905 enamorus
46%
#899 wyrdeer
42%
#902 basculegion
38%
#904 overqwil
35%
Nie znaleziono quizów pasujących do podanych kryteriów
Rozkład punktacji
Procent ludzi z każdym wynikiem
Percentyl według liczby udzielonych odpowiedzi
Twoja historia wyników
Nie rozwiązałeś tego quizu